| 000 | 02147nam a2200313Ia 4500 | ||
|---|---|---|---|
| 001 | A4183 | ||
| 003 | IT-RoPAU | ||
| 008 | 130308s9999 xx 000 0 und d | ||
| 040 | _aIT-RoPAU | ||
| 040 | _cIT-RoPAU | ||
| 041 | _aITALIANO | ||
| 100 | _aWurman Richard Saul | ||
| 100 | _gCodice Aut. SPICS: 35276 | ||
| 240 | _aINFORMATION ANXIETY | ||
| 240 | _gCodice Tit. Orig. Spics: T2375 | ||
| 245 | _aAnsia da informazione (L') | ||
| 245 | _bAnsia da Informazione (L') | ||
| 250 | _a1a ed. | ||
| 260 | _aMILANO | ||
| 260 | _bLeonardo | ||
| 260 | _c1991 [1° Ed.:1991 - Ed.Ling.Originale:1989] | ||
| 300 | _a"470 p. (prefazione: no ; testo: 470 [pagine: 0-0])" | ||
| 500 | _aEsplosione della Non Informazione. Piu' Dati Non Corrispondono a maggiore Informazione. Informazione Cio' che riduce L'Incertezza che è all'origine dell'Ansia. Frustrazione o Ansia da Informazione Quando sappiamo Cosa ci Serve Ma Non sappiamo Come Ottenerlo. Accesso all'informazione Antidoto All'Ansia. business della Comprensione. Conversazione e L'Arte di Ascoltare. Equivocità della Comunicazione. Linguaggio Verbale. Linguaggio dei Segni. Scrittura. imparare significa Ricordare Quello che ci Interessa. Distinzione tra interessi e Obblighi. istruzione e Apprendimento. Vedere Ascoltare Esprimersi. imparare è Fare Collegamenti. Modelli Motivanti. temi e Variazioni.Corretta gestione dei Propri Errori Alimenta Il Successo. siamo Cio' che Leggiamo. Dieta Ipocalorica per una Giusta Informazione. informazioni dei Notiziari. Informazione Culturale. informazioni da Consultare: Mappa o Capacità Umana di Percepire. Tecnomania: Informazione Come Bene di Consumo. Informazione Come Prodotto. potenziale del Profitto. Vulnerabilità dell'Informazione. Prescrizioni contro L'Ansia. Meno, Meno, Meno. troppa Informazione troppo poco Tempo. Capacità Comunicative. Materiali di Consultazione. Abitudini dei Media. Inventario del Coinvolgimento dell'Informazione. Bibliografia. Introduzione di John Naisbitt. | ||
| 650 | _aSOCIOLOGIA DELLA COMUNICAZIONE SOCIALE | ||
| 650 | _eCodice materia Spics: 3806 | ||
| 942 | _cBK | ||
| 957 | _71 | ||
| 999 |
_c89350 _d89350 |
||
| 999 | _g1 | ||